000 00361nam a22001457a 4500
003 OSt
005 20160727222354.0
008 160622b xxu||||| |||| 00| 0 eng d
040 _cTEST
100 _9477
_aBlum, J, M
245 _aThe National Experience
260 _aN.Y
_bHarcourt Brace & World Inc.
_c1963
300 _aThe National Experience
942 _2ddc
_cBK
999 _c396
_d396